Business Communication / Strategies and Skills Fifth Edition (Record no. 1068)
[ view plain ]
| 000 -LEADER | |
|---|---|
| fixed length control field | 01275cam a22002294a 4500 |
| 005 - ΗΜΕΡΟΜΗΝΙΑ ΚΑΙ ΩΡΑ ΤΕΛΕΥΤΑΙΑΣ ΕΝΗΜΕΡΩΣΗΣ | |
| Πεδίο ελέγχου | 20250605163956.0 |
| 008 - FIXED-LENGTH DATA ELEMENTS--GENERAL INFORMATION | |
| Πεδίο ελέγχου σταθερού μήκους | 250528s ||||||||||||||||||||||||d |
| 035 ## - SYSTEM CONTROL NUMBER | |
| System control number | 15489 |
| 020 ## - ISBN | |
| ISBN | 135311128 |
| 040 ## - ΠΗΓΗ ΚΑΤΑΛΟΓΟΓΡΑΦΗΣΗΣ | |
| Φορέας πρωτότυπης καταλογογράφησης | MC Athens Campus Library |
| Γλώσσα καταλογογράφησης | Ελληνικά, Μοντέρνα (1453-) |
| Modifying agency | MC Athens Campus Library |
| Κανόνες περιγραφικής καταλογογράφησης | AACR2 |
| 245 1# - ΤΙΤΛΟΣ ΚΑΙ ΔΗΛΩΣΗ ΥΠΕΥΘΥΝΟΤΗΤΑΣ | |
| Τίτλος | Business Communication / Strategies and Skills Fifth Edition |
| 250 ## - EDITION STATEMENT | |
| Edition statement | 5th |
| 260 ## - PUBLICATION, DISTRIBUTION, ETC. | |
| Name of publisher, distributor, etc. | Prentice Hall, |
| Date of publication, distribution, etc. | 1997 |
| 300 ## - PHYSICAL DESCRIPTION | |
| Extent | 636 |
| 505 0# - FORMATTED CONTENTS NOTE | |
| Formatted contents note | Introduction, An Overview of Communication in Business, Cultural Diversity, Strategies for Written Communication, Persuasive Letters, Memoranda, Short Reports and Proposals, Strategies for Oral Communication, Nonverbal Communication, Public Presentations, Visual Support, Communication and Conflict, Career Strategies, Writing a Resume, Interwing for a Job. |
| 520 ## - SUMMARY, ETC. | |
| Summary, etc. | Introduction, An Overview of Communication in Business, Cultural Diversity, Strategies for Written Communication, Persuasive Letters, Memoranda, Short Reports and Proposals, Strategies for Oral Communication, Nonverbal Communication, Public Presentations, Visual Support, Communication and Conflict, Career Strategies, Writing a Resume, Interwing for a Job. |
| 700 1# - ΠΡΟΣΘΕΤΗ ΑΝΑΓΡΑΦΗ--ΦΥΣΙΚΟ ΠΡΟΣΩΠΟ | |
| Personal name | Lahiff M. James |
| 9 (RLIN) | 1423 |
| 700 1# - ΠΡΟΣΘΕΤΗ ΑΝΑΓΡΑΦΗ--ΦΥΣΙΚΟ ΠΡΟΣΩΠΟ | |
| Personal name | Penrose M. John |
| 9 (RLIN) | 1424 |
| 942 ## - ADDED ENTRY ELEMENTS (KOHA) | |
| Koha item type | Books |
| Τύπος τεκμηρίου | Βιβλιοθήκη | Τρέχουσα τοποθεσία | Barcode | Αριθμός εισαγωγής | Ημερομηνία απόκτησης | Ταξιθετικό σύμβολο | Αριθμός αντιτύπου | Κατάσταση απόσυρσης | Κατάσταση χαμένου | Κατάσταση κατεστραμμένου | Μη δανεισμός | Σύνολο δανεισμών | Ημερομηνία τελευταίας εμφάνισης | Η τιμή ισχύει από |
|---|---|---|---|---|---|---|---|---|---|---|---|---|---|---|
| Books | MC Athens Campus Library | MC Athens Campus Library | 9780000010674 | 1835 | 05/06/2025 | 658.4/5 LAH | 1 | 05/06/2025 | 05/06/2025 |